000
00242nam a2200097Ia 4500
001
660737
005
20250826160119.0
008
250824s9999 xx 000 0 und d
245
0
_a
1 O Ben Değildim Ki!
_c
Nancy Krulik
260
_b
BEYAZ BALİNA
999
_c
660737
_d
660737